Grandes temas bíblicos / (Record no. 189271)
[ view plain ]
| 000 -LEADER | |
|---|---|
| campo de control de longitud fija | 00707nam a2200217 i 4500 |
| 001 - NÚMERO DE CONTROL | |
| campo de control | 189271 |
| 003 - IDENTIFICADOR DE NÚMERO DE CONTROL | |
| campo de control | SpMaBN |
| 005 - FECHA Y HORA DE LA ÚLTIMA TRANSACCIÓN | |
| campo de control | 20230906223432.0 |
| 008 - DATOS DE LONGITUD FIJA--INFORMACIÓN GENERAL | |
| campo de control de longitud fija | 190521s1966 sp |||| | spa d |
| 080 ## - NÚMERO DE LA CLASIFICACIÓN DECIMAL UNIVERSAL | |
| Número de la Clasificación Decimal Universal | 22(04) |
| 245 00 - MENCIÓN DEL TÍTULO | |
| Título | Grandes temas bíblicos / |
| Mención de responsabilidad, etc. | M.E. Boiamard, A. Descamps, A. Gelin... [et al.] ; [traducción por Constantino Ruiz-Garrido]. |
| 260 ## - PUBLICACIÓN, DISTRIBUCIÓN, ETC. | |
| Lugar de publicación, distribución, etc. | Madrid : |
| Nombre del editor, distribuidor, etc. | Fax, |
| Fecha de publicación, distribución, etc. | [1966] |
| 300 ## - DESCRIPCIÓN FÍSICA | |
| Extensión | 289 p. ; |
| Dimensiones | 23 cm. |
| 490 1# - MENCIÓN DE SERIE | |
| Mención de serie | Actualidad bíblica ; |
| Designación de volumen o secuencia | 1 |
| 630 #0 - PUNTO DE ACCESO ADICIONAL DE MATERIA--TÍTULO UNIFORME | |
| Título uniforme | Biblia- |
| Subdivisión de forma | Comentarios. |
| 9 (RLIN) | 119238 |
| 700 1# - ENTRADA AGREGADA--NOMBRE PERSONAL | |
| Nombre de persona | Boiamard, M.E. |
| 9 (RLIN) | 167047 |
| 700 1# - ENTRADA AGREGADA--NOMBRE PERSONAL | |
| Nombre de persona | Ruiz-Garrido, Constantino. |
| 9 (RLIN) | 100816 |
| 830 0# - PUNTO DE ACCESO ADICIONAL DE SERIE-TÍTULO UNIFORME | |
| Título uniforme | Actualidad bíblica ; |
| Designación de volumen o secuencia | 1 |
| 9 (RLIN) | 193281 |
| 852 ## - LOCALIZACIÓN | |
| Ubicación | ES-MaACL |
| Número de control de estantería | J-9(1) |
| Estatus retirado | Estado de pérdida | Estado de daño | No para préstamo | Biblioteca de origen | Biblioteca actual | Ubicación en estantería | Fecha de adquisición | Fuente de adquisición | Total de préstamos | Signatura topográfica completa | Código de barras | Visto por última vez | Precio de reemplazo | Tipo de ítem Koha |
|---|---|---|---|---|---|---|---|---|---|---|---|---|---|---|
| Biblioteca del Ateneo de Madrid | Biblioteca del Ateneo de Madrid | Depósito 2 | 21/05/2019 | J-9(1) | 1200532 | 23/02/2023 | 23/02/2023 | Libro impreso |
